zpět

Detail výsledku týmu

Bounty Rock Cafe, Olomouc

Datum a čas kvízu

29.5 Celkem bodů Celkový počet nahraných bodů na tomto kvízu bez doplňovacích otázek.
4. Pořadí na kvízu Konečné umístění týmu na tomto kvízu.

Zaznamenané odpovědi

# Otázka Odpověď Body Výsledky
1. V sobotu začal na pražském Výs... Matějská pouť 0
2. V úterý se v metropoli jedné b... v Rijádu 1
3. Minulý týden odstartovala na T... 4. řada, Suzuki 1
4. Vedení sítě provozoven jistého... KFC 1
5. V české fotbalové reprezentaci... Buffon 1
6. Nyní se od aktualit přesuneme... 1C 2A 3D 4B 0
7. Mladší generace éru druhohor p... sauropodi (Sauropoda) 0
8. Většina fosilií dinosaurů byla... Burianosaurus augustai 0.5
9. Americký spisovatel a scenáris... Michael Crichton 0
10. Na fotce vidíme mumii a rekons... Ötzi 1